000 00403 a2200169 4500
001 71922
020 _a8516012433
040 _cAnchieta - Colégio São Paulo
100 _aPenteado, Maria Heloísa
240 1 0 _aBruxa vira, virou, sumiu!
_lpor
245 1 0 _aBruxa vira, virou, sumiu!
300 _a31
362 0 _a1995
440 1 _aModerna
650 4 _aLiteratura infanto-juvenil
942 _cBK
999 _c71922
_d71922